Espiral : estudios sobre Estado y sociedad : texto completo de los números 1 al 25 /

Guardat en:
Dades bibliogràfiques
Autor corporatiu: Universidad de Guadalajara. Centro Universitario de Ciencias Sociales y Humanidades
Format: Electrònic
Idioma:espanyol
Matèries:
Etiquetes: Afegir etiqueta
Sense etiquetes, Sigues el primer a etiquetar aquest registre!

MARC

LEADER 00000nmm^a2200000^a^4500
001 000385249
005 20250521000000.0
009 20260310120927.233
022 |a 1665-0565 
037 |a Acervo ITESO - Biblioteca 
041 |a ESP 
082 |a 300. 5  |b ESP V. 1-25 
240 1 1 |a [Espiral: estudios sobre Estado y sociedad] 
245 0 0 |a Espiral :  |b estudios sobre Estado y sociedad : texto completo de los números 1 al 25 / 
264 |a Guadalajara, México :  |b Universidad de Guadalajara, Centro Universitario de Ciencias Sociales y Humanidades,  |c 1995-2002 
300 |a 1 disco compacto de computadora 
336 |a datos para computadora  |b cod  |2 rdacontenido 
337 |a computadora  |b c  |2 rdamedio 
338 |a disco de computadora  |b cd  |2 rdasoporte 
649 |a XX 
650 |a Sociología -  |x Publicaciones Periódicas Jaliscienses -  |x Tema Principal 
650 |a Sociología -  |x Publicaciones Periódicas Mexicanas 
650 |a Política -  |x Publicaciones Periódicas Jaliscienses -  |x Tema Principal 
650 |a Política -  |x Publicaciones Periódicas Mexicanas 
650 |a Publicaciones Periódicas Jaliscienses 
650 |a Publicaciones Periódicas Mexicanas 
710 |a Universidad de Guadalajara.  |b Centro Universitario de Ciencias Sociales y Humanidades 
910 |a Fondo General 
920 |a Electrónicos - Recursos en Disco 
905 |a 207 
901 |a 0500280479  |b IT2  |c SWS  |i D82460  |u 20250521 
902 |a https://opac.biblio.iteso.mx/vufind/Record/000385249